000 01529nam a2200181 a 4500
001 000047916
005 20240313073817.0
008 181004s1993 dr ac 000 m spa d
040 _aDO-SdBNP
_bspa
_cBNPHU
082 _axxxx
_bR621e
100 1 _aRivera, Otto
_975477
245 1 0 _aEducación de la voz :
_bmejore su léxico, dicción-fluidez, entonación /
_cOtto Orlando Rivera Sánchez prólogo Lipe Collado.
260 _aSanto Domingo :
_bEditora Panamericana,
_c1993.
300 _a161 p. :
_bil., retrs. ;
_c21 cm.
505 0 _aA manera de prólogo --
_tSemblanza del autor --
_tMotivación --
_tSonido oral --
_tSistema de fonación --
_tLa laringe --
_tLa voz --
_tTono --
_tDecálogo para el cuidado de la voz --
_tEl comentarista del disco (Disc Jockey) --
_tLocutor de cabina --
_tImprovisación. Maestría de ceremonias --
_tHágase de su estilo propio --
_tRespiración: útiles recomendaciones --
_tAgilidad en la lectura --
_tEjercicios: trabalenguas, declamaciones --
_tLa buena expresión. Recomendaciones --
_tFrente a la cámara de televisión --
_tDiez reglas para la entrevista radial --
_tEl micrófono --
_tAl hablar por el micrófono --
_tDe los timbres básicos --
_tHablar bien --
_tPronunciación de las consonantes --
_tVocabulario --
_tTerminología --
_tLos artistas --
_tEl actor --
_tEl orador --
_tPensamientos universales --
_tProminentes de la buena expresión --
_tDignatarios y representativos --
_tDiez normas para triunfar en la vida.
590 _aInventariado, 2019/LP
700 1 _aCollado, Lipe,
_d1947-
_epról.
_979819
999 _c47404
_d47404